000 00644nam a2200193Ia 4500
008 240729s9999 xx 000 0 und d
022 _a2773-4196
245 0 _aJournal of Innovative Applied Mathematics and Computational Sciences
260 _aAlgeria
260 _bInstitute of Sciences and Technology, University Center Abdelhafid Boussouf, Mila
650 _a Instruments and machines
650 _a Mathematics
650 _a Mathematics
650 _a Probabilities. Mathematical statistics | Science
650 _aScience
856 _uhttps://doaj.org/toc/3b016c92ce77491094252d2bdc877c1c
942 _2ddc
942 _cDOAJEJ
999 _c73151
_d73151
945 _a1
_bMadushi Gamage
_c1
_dMadushi Gamage